| 000 | 00532nam a22001337a 4500 | ||
|---|---|---|---|
| 008 | 230605b xxu||||| |||| 00| 0 eng d | ||
| 020 | _a9966058478 | ||
| 082 |
_a330.96762 _bKIP |
||
| 245 |
_aKenya Economic Report 2016 _bFiscal Decentralization In Support Of Devolution _cKenya Institute For Public Policy Research And Analysis |
||
| 260 |
_aNairobi _bKenya Institute For Public Policy Research And Analysis _c2016 |
||
| 300 | _a222 p | ||
| 710 |
_bKenya Institute For Public Policy Research And Analysis _cNairobi _d2016 |
||
| 942 |
_2ddc _cBK |
||
| 999 |
_c386 _d386 |
||